| 000 | 00417nam a2200169Ia 4500 | ||
|---|---|---|---|
| 008 | 230524s9999 xx 000 0 und d | ||
| 020 | _a8174464247 | ||
| 082 |
_a658.45 _bKAC |
||
| 100 | _aUpendra Kachru | ||
| 245 | 0 | _aStrategic Management : Concepts And Cases | |
| 250 | _aIST | ||
| 260 |
_aNEW DELHI _bExcel _c2009 |
||
| 300 | _aXI;813 | ||
| 500 | _aQuantity Number: 20 | ||
| 650 | _aManagement | ||
| 942 | _cBK | ||
| 999 |
_c46812 _d46812 |
||